| 000 | 00501nam a2200169Ia 4500 | ||
|---|---|---|---|
| 008 | 090122s9999 xx 000 0 und d | ||
| 082 |
_b2093 _a891.4683 |
||
| 100 |
_aकाणेकर _bअनंत |
||
| 245 | _aपिकली पाने | ||
| 260 |
_bदेशमुख आणि कंपनी _c1959 |
||
| 300 | _a105 | ||
| 600 | _aकाणेकर | ||
| 630 | _aपिकली पाने | ||
| 700 | _aकाणेकर | ||
| 730 | _aपिकली पाने | ||
| 942 | _cBOOK | ||
| 999 |
_c26171 _d26171 |
||